|
|
|
|
| LEADER |
00000nam a22000007a 4500 |
| 005 |
20220920213010.0 |
| 007 |
cr|||| |||| |
| 008 |
220920s2022 ca |||||s|||| 00||0 eng d |
| 020 |
|
|
|a 9781552216330
|
| 035 |
|
|
|a 37260
|
| 040 |
|
|
|a vLex
|
| 090 |
|
|
|c 13978
|d 13978
|
| 100 |
1 |
|
|a Potts, David A.
|
| 245 |
1 |
0 |
|a Guide to the Law and Practice of Anti-SLAPP Proceedings
|h [Recurso electrn̤ico] /
|c David A. Potts, Erin Stoik
|
| 256 |
|
|
|a Servicio en ln̕ea
|
| 260 |
|
|
|a Toronto:
|b Irwin Law Inc.,
|c 2022
|
| 300 |
|
|
|a 1 recurso electrn̤ico
|
| 490 |
|
0 |
|a Irwin Books
|
| 500 |
|
|
|a The anti-SLAPP legislation, more formally known as section 137.1 of the Courts of Justice Act in Ontario and the Protection of Public Participation Act in British Columbia, is arguably the most influential development in Canadian defamation law in the last fifty years, aside from the advent of the internet. It appears simple in theory. It is not simple in practice. It was intended to be straightforward, swift, and inexpensive. It has become protracted, complex, and costly. Written primarily for judges and lawyers in Ontario and British Columbia who are faced with anti-SLAPP proceedings, this text presents a detailed and comprehensive analysis of anti-SLAPP legislation and proceedings
|
| 506 |
1 |
|
|a Disponible solo en los productos indicados
|d vLex Global
|d vLex Global (Academic Edition, excluding Law Schools)
|d vLex Global (U.S. Academic Edition, Law Schools)
|d vLex Global (U.S. Academic Edition, excluding Law Schools)
|d vLex Global (Academic Edition, Law Schools)
|
| 650 |
0 |
4 |
|a Derecho Penal
|z Canad̀
|
| 700 |
1 |
|
|a Stoik, Erin
|
| 740 |
0 |
|
|a vLex Libros (Servicio en ln̕ea)
|
| 856 |
4 |
0 |
|u https://app.vlex.com/#/sources/37260
|z Acceso restringido
|
| 942 |
|
|
|c BOOK
|
| 999 |
0 |
|
|a Criminal law
|